| 000 | 00492nam a2200169Ia 4500 | ||
|---|---|---|---|
| 008 | 230917s9999||||xx |||||||||||||| ||und|| | ||
| 020 | _cRS1295 | ||
| 040 |
_e242405 _aMAIN |
||
| 041 | _aEnglish | ||
| 082 | _a338.4791 C361I | ||
| 100 | _aChandra, Prabhas | ||
| 245 | 0 | _aInternational ecotourism: Environmental rules and regulations | |
| 260 |
_aNew Delhi _bKanaishka Publishers _c2016 |
||
| 300 | _avii, 416 p. | ||
| 500 | _a2887 26/09/2017 HBD17/7056 26/09/2017 IHTM (SFS) | ||
| 942 | _cBK | ||
| 999 |
_c24144 _d24144 |
||